Socio-economics : toward a new synthesis /

Bibliographic Details
Corporate Author: International Conference on Socio-Economics
Other Authors: Etzioni, Amitai, Lawrence, Paul R.
Format: Conference Proceeding Book
Language:English
Published: Armonk, N.Y. : M.E. Sharpe, [1991]
Series:Studies in socio-economics.
Subjects:

MARC

Tag First Indicator Second Indicator Subfields
LEADER 00000cam a22000008a 4500
001 in00000990374
005 20150927154332.0
008 900530s1991 nyu 10100 eng
010 |a  90040462  
020 |a 0873326857 :  |c $39.95 
035 |a (OCoLC)21910385 
035 |9 AEY1411AM 
040 |a DLC  |c DLC  |d UtOrBLW 
049 |a TXAM 
050 0 0 |a HM35  |b .S625 1990 
082 0 0 |a 306.3  |2 20 
090 |a HM35  |b .S635 1991 
245 0 0 |a Socio-economics :  |b toward a new synthesis /  |c editors, Amitai Etzioni, Paul R. Lawrence. 
263 |a 9012 
264 1 |a Armonk, N.Y. :  |b M.E. Sharpe,  |c [1991] 
264 4 |c ©1991 
300 |a 359 pages :  |b illustrations 
336 |a text  |b txt  |2 rdacontent 
337 |a unmediated  |b n  |2 rdamedia 
338 |a volume  |b nc  |2 rdacarrier 
490 1 |a Studies in socio-economics 
500 |a "Product of the first International Conference on Socio-Economics conducted at the Harvard Business School, March 31 - April 2, 1989"--p. xi. 
504 |a Includes bibliographical references and index. 
650 0 |a Economics  |x Sociological aspects  |v Congresses. 
700 1 |a Etzioni, Amitai. 
711 2 |a International Conference on Socio-Economics  |n (1st :  |d 1989 :  |c Harvard Business School) 
700 1 |a Lawrence, Paul R. 
830 0 |a Studies in socio-economics. 
999 |a MARS 
999 f f |s 3e281c62-8bc5-315b-b0c6-757d354d1181  |i c1ee4370-b9f5-3521-8a73-8a1e55c9c5a9  |t 0 
952 f f |p ric  |a Texas A&M University  |b Rellis Campus  |c Joint Library Facility  |d Remote Storage  |t 0  |e HM35 .S635 1991  |h Library of Congress classification  |i unmediated -- volume  |m A14816624500 
998 f f |a HM35 .S635 1991  |t 0  |l Remote Storage